000 00695nam a2200205Ia 4500
005 20241216011337.0
008 190429s9999||||xx |||||||||||||| ||und||
082 _a362.1
_bO64
100 _aORE JAVIER, MARIA DEL ROSARIO Y SAICO NINAHUAMAN, MARIA
245 0 _aNIVEL DE AUTOESTIMA DEL PROFESIONAL DE ENFERMERIA EN LA CALIDAD DE ATENCION EN EL HOSPITAL FELIX MAYORCA SOTO-TARMA
250 _a0
260 _aCERRO DE PASCO-PERU
_bUNDAC
_c1998
300 _a58 pag.
_c30 cm.
341 _h0
490 _v0
_a0
505 _aSERVICIOS DE SALUD/CALIDAD/AUTOESTIMA DEL PROFESIONAL DE SAL
541 _aD
_bORE JAVIER, MARIA DEL R.
_d18-Feb-02
_oSoles
650 _aEnfermería
942 _cTESIS
999 _c39286
_d39286